La vía china: ciudades en la transición al capitalismo /
Gardado en:
| Autor Principal: | |
|---|---|
| Outros autores: | |
| Formato: | Texto |
| Materias: | |
| Etiquetas: |
Engadir etiqueta
Sen Etiquetas, Sexa o primeiro en etiquetar este rexistro!
|
MARC
| LEADER | 00000 a a2200000 04500 | ||
|---|---|---|---|
| 001 | 10108 | ||
| 003 | |||
| 040 | |||
| 100 | |a Walker, Richard | ||
| 245 | |a La vía china: |b ciudades en la transición al capitalismo / |c Richard Walker | ||
| 650 | |a CAPITALISMO | ||
| 650 | |a CIUDADES | ||
| 650 | |a ECONOMIA | ||
| 650 | |a NEOLIBERALISMO | ||
| 650 | |a CLASE OBRERA | ||
| 650 | |a TRABAJO | ||
| 650 | |a CHINA | ||
| 700 | |a Buck, Daniel | ||
| 773 | |g número 46; páginas 37-63 | ||
| 999 | |c 22500 |d 22500 | ||
